00585nam a2200193 a 450000500170000000800410001704000250005804100080008304400070009110000330009824500810013126000250021230000100023765000210024765000190026865000290028765000340031666200410035020180803165426.0140217b2009 ck ||||| |||| 00| 0 spa d aCO-BoIAVHcCO-BoIAVH aspa ack aChica Muñoz, Janis Biviana aImplementacion del Plan de manejo del PNR Páramo del DuendebInforme final aBogotábIAVHc2009 a73 p. aPlanes de Manejo aCapacitación aEcosistemas de páramos aConservación de ecosistemas cPáramo del DuendebValle del Cauca